000 00406nam a2200133Ia 4500
008 100328s9999 xx 000 0 und d
082 _b63359
100 _aबावडेकर निलिमा.
245 _aमसालेदार मेनू.
260 _bसंयम.
630 _aमसालेदार मेनू.
730 _aमसालेदार मेनू.
942 _cBOOK
999 _c549247
_d549244